Trendy v získavaní a výbere zamestnancov diplomová práca

Gespeichert in:
Bibliographische Detailangaben
1. Verfasser: Kečkemetyová, Nikola
Körperschaft: Podnikovohospodárska fakulta EU so sídlom v Košiciach. Katedra manažmentu
Weitere Verfasser: Olexová, Cecília, 1976-
Format: Buch
Sprache:Slowakisch
Veröffentlicht: Košice 2018
Tags: Tag hinzufügen
Keine Tags, Fügen Sie das erste Tag hinzu!

MARC

LEADER 00000nbm a2200000 4500
001 0247209
005 20181019123048.4
041 0 |a slo 
044 |a SK 
245 1 0 |a Trendy v získavaní a výbere zamestnancov  |b diplomová práca  |c Nikola Kečkemetyová ; školiteľ: Cecília Olexová 
264 1 |a Košice  |c 2018 
300 |a 78 s. 
100 1 |a Kečkemetyová, Nikola 
700 1 |a Olexová, Cecília, 1976- 
710 2 |a Podnikovohospodárska fakulta EU so sídlom v Košiciach. Katedra manažmentu